000 00310nam a22001217a 4500
008 180607b xxu||||| |||| 00| 0 eng d
041 _aeng
080 _a043.3
100 _a0
101 _aMBE-BA
245 _aCostumet Care Management in the Case of Kosovo Energy Corporation
_cKrasniqi, A
942 _2udc
_cBK
999 _c46523
_d46523